• 首页
  • 本馆介绍
  • 公告通知
  • 最新文献
  • 馆藏检索
  • 电子资源
  • 读者导购
  • 参考咨询
  • 我的图书馆
  • 登录
  • 详细信息显示
  • 放入我的书架
  • 预约/预借图书
  • 作者相关作品
  • 分类相关作品
  • 丛书相关作品
  • 出版社相关作品

书目信息

  • 表格格式
  • 工作单格式
  • 卡片格式
题名:
阳光女孩的哑铃塑身金典
    
 
作者: 叶丹 著
分册:  
出版信息: 沈阳   辽宁科学技术出版社  2011
页数: 166页
开本: 24cm
丛书名:
单 册:
中图分类: G835.4
科图分类:
主题词: 女性--nv xing--哑铃--健身运动
电子资源:
ISBN: 978-7-5381-6969-0
000 01111nam0 2200277 45
001 012001004089
005 20140102105412.0
010    @a978-7-5381-6969-0@dCNY35.00
010    @a978-7-88839-080-5@b光盘
016    @aCN-Q12-11-0016-0
099    @aCAL 012012175215
100    @a20110928d2011 em y0chiy50 ea
101 0  @achi
102    @aCN@b210000
105    @aa z 000yy
106    @ar
200 1  @a阳光女孩的哑铃塑身金典@Ayang guang nv hai de ya ling su shen jin dian@d= Sunny girls' perfect body-shaping by dumbbell@f叶丹著@zeng
210    @a沈阳@c辽宁科学技术出版社@d2011
215    @a166页@c彩图@d24cm@e光盘1片
330    @a本书介绍了17个简单可行的锻炼方法,包括有针对性地对女性经常出现的身体症状进行调理;55个从头到脚的塑身动作,专门针对女性易胖的部位进行有效的锻炼;1个月享“塑”计划,附赠轻松动感的有氧哑铃操;明星私教叶丹十年健身的塑身心得等内容。
510 1  @aSunny girls' perfect body-shaping by dumbbell@zeng
606 0  @a女性@Anv xing@x哑铃@x健身运动
690    @aG835.4@v5
701  0 @a叶丹@Aye dan@4著
801    @b江苏凤凰@c20191020
905    @b1237899-904@dG835.4@e190@f6
    
    阳光女孩的哑铃塑身金典= Sunny girls' perfect body-shaping by dumbbell/叶丹著.-沈阳:辽宁科学技术出版社,2011
    166页:彩图;24cm+光盘1片
    
    
    ISBN 978-7-5381-6969-0:CNY35.00
    本书介绍了17个简单可行的锻炼方法,包括有针对性地对女性经常出现的身体症状进行调理;55个从头到脚的塑身动作,专门针对女性易胖的部位进行有效的锻炼;1个月享“塑”计划,附赠轻松动感的有氧哑铃操;明星私教叶丹十年健身的塑身心得等内容。
●
相关链接 在E读中查询图书 在五车中查询图书 在当当中查询图书 在豆瓣中查询图书


正题名:阳光女孩的哑铃塑身金典     索取号:G835.4/190         预约/预借

序号 登录号 条形码 馆藏地/架位号 状态 备注
1 1237899   212378997   第一样本阅览室/ [索取号:G835.4/190] 在馆    
2 1237900   212379004   教育系资料室/ [索取号:G835.4/190] 在馆    
3 1237901   212379013   教育系资料室/ [索取号:G835.4/190] 在馆    
4 1237902   212379022   第四借阅区/ [索取号:G835.4/190] 在馆    
5 1237903   212379031   第四借阅区/ [索取号:G835.4/190] 在馆    
6 1237904   212379040   第四借阅区/ [索取号:G835.4/190] 在馆    
唐山师范学院图书馆 欢迎您!
大连网信软件有限公司© 版权所有